Владение иностранным языком как одно из качеств настоящего лидера; Лингвистика и межкультурная коммуникация: теоретические и методологические проблемы современного образования

Bibliographische Detailangaben
Parent link:Лингвистика и межкультурная коммуникация: теоретические и методологические проблемы современного образования.— 2014.— [С. 23-25]
1. Verfasser: Ануфриенко Л. В.
Weitere Verfasser: Конышева А. В. (научный руководитель)
Zusammenfassung:Заглавие с экрана
Sprache:Russisch
Veröffentlicht: 2014
Schriftenreihe:Проблемы культуры и межкультурной коммуникации
Schlagworte:
Online-Zugang:http://www.lib.tpu.ru/fulltext/c/2014/C78/010.pdf
Format: MixedMaterials Elektronisch Buchkapitel
KOHA link:https://koha.lib.tpu.ru/cgi-bin/koha/opac-detail.pl?biblionumber=617874

MARC

LEADER 00000naa2a2200000 4500
001 617874
005 20231101133001.0
035 |a (RuTPU)RU\TPU\conf\16233 
035 |a RU\TPU\conf\16150 
090 |a 617874 
100 |a 20160427d2014 k y0rusy50 ca 
101 0 |a rus 
102 |a RU 
105 |a y z 100zy 
135 |a drgn ---uucaa 
181 0 |a i  
182 0 |a b 
200 1 |a Владение иностранным языком как одно из качеств настоящего лидера  |f Л. В. Ануфриенко  |g науч. рук. А. В. Конышева 
203 |a Текст  |c электронный 
215 |a 1 файл (1.3 Мb) 
225 1 |a Проблемы культуры и межкультурной коммуникации 
230 |a Электронные текстовые данные (1 файл : 1.3 Мb) 
300 |a Заглавие с экрана 
320 |a [Библиогр.: с. 25 (3 назв.)] 
337 |a Adobe Reader 
463 1 |0 (RuTPU)RU\TPU\conf\5123  |t Лингвистика и межкультурная коммуникация: теоретические и методологические проблемы современного образования  |o сборник трудов II Российской научно-практический конференции с международным участием, г. Томск, 14-16 мая 2014 г.  |f Национальный исследовательский Томский политехнический университет (ТПУ)  |v [С. 23-25]  |d 2014 
610 1 |a электронный ресурс 
610 1 |a иностранные языки 
610 1 |a лидеры 
610 1 |a лидерские качества 
610 1 |a студенты 
610 1 |a изучение 
700 1 |a Ануфриенко  |b Л. В. 
702 1 |a Конышева  |b А. В.  |4 727 
801 1 |a RU  |b 63413507  |c 20101016 
801 2 |a RU  |b 63413507  |c 20160427  |g RCR 
856 4 |u http://www.lib.tpu.ru/fulltext/c/2014/C78/010.pdf 
942 |c BK